000 00781nam a22002657a 4500
003 OSt
005 20140310182314.0
008 130312t xxu||||| |||| 00| 0 eng d
020 _a0811438686
050 _aPZ 7
_b.L1586Up 1995
082 _aGS 823
_bL14u 1995
100 _aLakin, Patricia
_920987
245 _aUp a tree /
_cPatricia Lakin
260 _aAustin, Texas :
_bRaintree Steck-Vaughn Publishers,
_c1995.
300 _a31 p. :
_bcol. : ill. ;
_c21 cm.
650 _aSchool buses
_xFiction.
_920988
650 _aBuses
_xFiction.
_920989
650 _aBus drivers
_xFiction.
_920990
650 _aPet shows
_xFiction.
_920991
650 _aPets
_xFiction.
_920992
650 _aSchools
_xFiction.
_920993
942 _2lcc
_cBK-GS
999 _c11722
_d11722